Pays aléatoires par drapeaux des pays frontaliers - Statistiques

Statistiques générales
  • Ce quiz a été pris 28 652 fois
  • Le résultat moyen est 10 sur 16
Statistiques - réponses
Drapeaux des pays frontaliers Pays % Correct
Portugal
91%
États-Unis
90%
Canada
89%
Irlande
89%
Luxembourg | Pays-Bas
89%
Andorre
88%
Belgique
88%
Suède
87%
Italie
86%
Suisse
86%
Espagne
85%
Allemagne
84%
France
84%
Brésil
83%
Finlande
83%
Maroc
83%
Corée du Nord
81%
Corée du Sud
81%
Russie
81%
Saint-Marin | Vatican
81%
Mongolie
80%
Norvège
80%
Uruguay
80%
Chine
78%
Mexique
78%
Monaco
77%
Autriche
76%
Lesotho
76%
Tunisie
76%
Argentine
75%
Danemark
75%
Bhoutan | Népal
74%
Chili
74%
Liechtenstein
74%
Paraguay
74%
Pologne
74%
Suriname
74%
Estonie
72%
Lettonie
72%
Biélorussie
71%
République Tchèque
70%
Algérie
69%
Colombie
69%
Grèce
69%
Inde
69%
Israël
69%
Qatar
69%
Slovénie
69%
Bolivie
68%
Équateur
68%
Liban
68%
Lituanie
68%
Moldavie
68%
Turquie
68%
Yémen | Émirats Arabes Unis
68%
Arabie Saoudite
67%
Guyana
67%
Kosovo
67%
Mauritanie
67%
Pérou
67%
Ukraine
67%
Albanie
66%
Macédoine du Nord
66%
Pakistan
66%
Serbie
66%
Viêt Nam
66%
Bosnie-Herzégovine
65%
Cambodge
65%
Croatie
65%
Géorgie
65%
Hongrie
65%
Jordanie
65%
Laos
65%
Roumanie
65%
Venezuela
65%
Bulgarie
64%
Bangladesh
63%
Oman
63%
Syrie
63%
Arménie
62%
Libye
62%
Monténégro
62%
Thaïlande
62%
Slovaquie
61%
Kazakhstan
60%
Panama
60%
Costa Rica
59%
Guatemala
59%
Haïti
59%
Indonésie
59%
Azerbaïdjan
58%
Belize
58%
Irak
58%
Royaume-Uni
58%
Birmanie
57%
Égypte
57%
Malaisie
57%
Niger
57%
République Démocratique du Congo
57%
République Dominicaine
57%
Afrique du Sud
56%
Mali
56%
Soudan
56%
Djibouti
55%
Gambie
55%
Iran
55%
Somalie
55%
Eswatini
54%
Éthiopie
54%
Nicaragua
54%
Ouzbékistan
54%
Salvador
53%
Zimbabwe
53%
Honduras
52%
Kirghizistan
52%
Koweït
52%
Namibie
52%
Turkménistan
51%
Afghanistan
50%
Érythrée
50%
Kenya
50%
République du Congo
50%
Tadjikistan
50%
Botswana
49%
Mozambique
49%
Nigeria
49%
Tchad
49%
Ghana
48%
Bénin
47%
Rwanda
47%
Timor Oriental | Papouasie-Nouvelle-Guinée
47%
Sierra Leone
46%
Sénégal
45%
Togo
45%
République Centrafricaine
44%
Soudan du Sud
44%
Burkina Faso
43%
Cameroun
43%
Ouganda
43%
Côte d'Ivoire
42%
Zambie
42%
Guinée Équatoriale
41%
Liberia
41%
Tanzanie
41%
Angola
40%
Guinée
40%
Burundi
39%
Gabon
38%
Malawi
37%
Guinée-Bissau
36%
Aucun quiz correspondant
Distribution des résultats
% des personnes avec chaque résultat
Percentile par nombre de réponses
Votre historique - résultats
Vous n’avez pas pris ce quiz